<?xml version="1.0" encoding="UTF-8"?>
<collection xmlns="http://www.loc.gov/MARC21/slim">
 <record>
  <leader>00373pamaa2200133   4500</leader>
  <controlfield tag="001">0000019664</controlfield>
  <controlfield tag="005">20061012090000.0</controlfield>
  <datafield tag="020" ind1="0" ind2="0">
   <subfield code="a">[nil] </subfield>
  </datafield>
  <datafield tag="090" ind1="0" ind2="0">
   <subfield code="a">PR1175.R513 </subfield>
   <subfield code="b">GOL 1939</subfield>
  </datafield>
  <datafield tag="245" ind1="0" ind2="4">
   <subfield code="a">The GOLDEN treasury of longer poems  </subfield>
   <subfield code="c">edited by Ernest Rhys.</subfield>
  </datafield>
  <datafield tag="260" ind1="0" ind2="0">
   <subfield code="a">London: </subfield>
   <subfield code="b">J.M. Dent &amp; Sons Ltd., </subfield>
   <subfield code="c">1939.</subfield>
  </datafield>
  <datafield tag="300" ind1=" " ind2=" ">
   <subfield code="a">x, 434p.: </subfield>
   <subfield code="b">18cm.</subfield>
  </datafield>
  <datafield tag="650" ind1="0" ind2="0">
   <subfield code="a">English poetry </subfield>
  </datafield>
  <datafield tag="700" ind1="1" ind2="1">
   <subfield code="a">Rhys, </subfield>
   <subfield code="h">Ernest </subfield>
  </datafield>
 </record>
</collection>
